1364 1998 1850 1491 1883 1798 1071 1451 1134 1693 1773 1937 1201 1391 1820 1887 1034 1389 1724 1755 1451 1843 1674 1109 1267 1782 1642 1310 1122 1353 1314 1125 1123 1233 1396 1454 1541 1370 1590 1022 1280 1898 1521 1767 1909 1586 1359 1572 1226 1330 1794 1470 1080 1549 1319 1527 1375 1523 1633 1541 1409 1764 1839 1250 1141 1688 1364 1270 1999 1113 1391 1918 1065 1663 1731 1238 1331 1908 1338 1234 1738 1416 1079 1546 1506 1396 1300 1663 1755 1062 1530 1625 1304 1030 1691 1122 1186 1530 1225 BCNSPRNW ULIB Ver.6.0+V

เปลี่ยนเป็นภาษาไทย

Change to English
 แสดงรายละเอียดบรรณานุกรม
  กลับหน้าหลัก

Brief Record : Get Marc (ISO 2709) : E-mail record : QR code < ปิดหน้าต่าง
LEADER : 00000nam 2200000uu 4500
001    13399108225
003     ULIB
008    110221s2549||||th 000 0 tha d
020    9743842675
020    9789743842672
060 04 WY157^bว729ก 2549
100 0  วิไลพรรณ สวัสดิ์พาณิชย์
245 10 การพยาบาลมารดาติดเชื้อเอชไอวี /^cวิไลพรรณ สวัสดิ์พาณิชย์
250    พิมพ์ครั้งที่ 1
260    ชลบุรี :^bภาควิชาการพยาบาลแม่และเด็ก คณะพยาบาลศาสตร์มหาวิทยาลัยบูรพา,^c2549
300    175 หน้า :^bภาพประกอบ ;^c30 ซม.
650  7 ผู้ติดเชื้อเอชไอวี^xการพยาบาล
650  7 โรคเอดส์ในสตรีมีครรภ์
650  7 เอชไอวี, การติดเชื้อ^xการพยาบาล
710 2  มหาวิทยาลัยบูรพา. ^bคณะพยาบาลศาสตร์.^bภาควิชาการพยาบาลแม่และเด็ก
945    ^p250^l0^i019944
945    ^p250^l0^i019942
945    ^p250^l0^i023133
945    ^p250^l0^i019943
995    เกษร
999 ^a ใช้งานได้ทุกระบบ
รายการนี้ยังไม่มีแท็ก
คุณยังไม่ได้ล็อกอิน คุณสามารถมีกิจกรรมร่วมกับเว็บไซต์ได้ แต่ต้องล็อกอินก่อน ::
  ล็อกอิน

รายการสื่อสารสนเทศ

ลำดับที่ ประเภท เลขเรียก/บาร์โค้ด สถานที่ สถานะ
- ไม่พบข้อมูล -

รายการใกล้เคียง
    ผู้แต่ง [วิไลพรรณ สวัสดิ์พาณิชย์]

    หัวเรื่อง [โรคเอดส์ในสตรีมีครรภ์]

BibComment


ยังไม่เคยถูกคอมเมนท์

คอมเมนท์ทรัพยากรรายการนี้
  คอมเมนท์: การพยาบาลมารดาติด..


 Copyright 2026. Bcnsprnw @Library